Rubber technologists handbook.V.2 (Record no. 43015)

MARC details
000 -LEADER
fixed length control field 00458nam a2200169Ia 4500
020 ## - INTERNATIONAL STANDARD BOOK NUMBER
ISBN 9781847351005
082 ## - DEWEY DECIMAL CLASSIFICATION NUMBER
Classification number NR:62(035)
Item number WHI.2;1
245 #0 - TITLE STATEMENT
Title Rubber technologists handbook.V.2
260 ## - PUBLICATION, DISTRIBUTION, ETC. (IMPRINT)
Place of publication UK
Name of publisher Smithers Rapra Technology
Year of publication 2009
650 ## - SUBJECT ADDED ENTRY--TOPICAL TERM
Topical Term Intelligent tyres
650 ## - SUBJECT ADDED ENTRY--TOPICAL TERM
Topical Term Rubber applications
650 ## - SUBJECT ADDED ENTRY--TOPICAL TERM
Topical Term Rubber compounding
650 ## - SUBJECT ADDED ENTRY--TOPICAL TERM
Topical Term Silicone rubbers
700 ## - ADDED ENTRY--PERSONAL NAME
Personal name White, J
942 ## - ADDED ENTRY ELEMENTS (KOHA)
Koha item type Books
Holdings
Withdrawn status Lost status Damaged status Not for loan Home library Current library Date acquired Cost, normal purchase price Full call number Accession Number Koha item type
        RRII Library RRII Library 16/12/2021 160.00 NR:62(035) WHI.2;1 23279 Books